[Event "Cto Equipos Aragon 2013 Div. Honor II"]
[Site "Aragon"]
[Date "2013.02.09"]
[Round "3.29"]
[White "Colas Longares, Rafael P"]
[Black "Gimenez Martinez, Alberto"]
[Result "1-0"]
[WhiteElo "2311"]
[BlackElo "2171"]
[PlyCount "63"]
[EventDate "2013.??.??"]
[EventType "tourn"]
[EventRounds "7"]
[EventCountry "ESP"]
[WhiteTeam "Actur Rey Fernando"]
[BlackTeam "St. Casablanca B"]

1. e4 c5 2. Nc3 d6 3. Bb5+ Bd7 4. a4 Nf6 5. d3 g6 6. f4 a6 7. Bc4 Nc6 8. Nf3
Bg7 9. e5 dxe5 10. fxe5 Nh5 11. Bxf7+ {[%emt 0:00:02]} Kxf7 {[%emt 0:00:10]}
12. e6+ Ke8 13. exd7+ Qxd7 14. O-O Rf8 15. Ne4 Nd4 16. c3 Nxf3+ 17. Rxf3 Qd5
18. Bg5 h6 19. Bh4 c4 20. Re3 cxd3 21. Qg4 Kf7 22. Bxe7 Kg8 23. Bxf8 Rxf8 24.
Rf1 Rxf1+ 25. Kxf1 d2 26. Qd1 Qc4+ 27. Kg1 Nf6 28. Nxf6+ Bxf6 29. Qxd2 Qxa4 30.
Re6 Kf7 31. Qd5 Qa1+ 32. Re1+ 1-0

[Event "Cto Equipos Aragon 2013 Div. Honor II"]
[Site "Aragon"]
[Date "2013.02.09"]
[Round "3.30"]
[White "Arregui Untoria, Carlos"]
[Black "Garcia Vicente, Nieves"]
[Result "1/2-1/2"]
[WhiteElo "2101"]
[BlackElo "2213"]
[PlyCount "91"]
[EventDate "2013.??.??"]
[EventType "tourn"]
[EventRounds "7"]
[EventCountry "ESP"]
[WhiteTeam "St. Casablanca B"]
[BlackTeam "Actur Rey Fernando"]

1. d4 Nf6 2. c4 e6 3. g3 d5 4. Nf3 c5 5. Bg2 dxc4 6. O-O Nc6 7. Qa4 Bd7 8. Qxc4
cxd4 9. Nxd4 {[%emt 0:00:04]} Rc8 10. Nc3 Nxd4 11. Qxd4 Bc5 12. Qh4 Bc6 13. Bg5
Qd4 14. Bxf6 Qxf6 15. Qxf6 gxf6 16. Ne4 Be7 17. Rac1 O-O 18. h4 f5 19. Nd2 Bxg2
20. Kxg2 Rfd8 21. Nf3 Bf6 22. b3 Bb2 23. Rxc8 Rxc8 24. Rd1 Rc7 25. e3 Bf6 26.
Rd2 h6 27. Kf1 Kf8 28. Ke2 Ke8 29. Nd4 a6 30. Rd1 Rd7 31. Rd2 Ke7 32. Rd1 Bxd4
33. Rxd4 Rxd4 34. exd4 Kd6 35. Ke3 Kd5 36. Kd3 b5 37. Ke3 f6 38. f3 f4+ 39.
gxf4 f5 40. h5 b4 41. Kd3 a5 42. Ke3 Kc6 43. Kd2 Kd6 44. Kc2 Kc6 45. Kd3 Kd5
46. Ke3 1/2-1/2

[Event "Cto Equipos Aragon 2013 Div. Honor II"]
[Site "Aragon"]
[Date "2013.02.09"]
[Round "3.31"]
[White "Lopez Caudevilla, David"]
[Black "Cebollada Pacheco, Jesus Raul"]
[Result "1/2-1/2"]
[WhiteElo "2018"]
[BlackElo "2030"]
[PlyCount "73"]
[EventDate "2013.??.??"]
[EventType "tourn"]
[EventRounds "7"]
[EventCountry "ESP"]
[WhiteTeam "Actur Rey Fernando"]
[BlackTeam "St. Casablanca B"]

1. e4 e5 2. Nf3 Nc6 3. Bb5 a6 4. Bxc6 dxc6 5. d4 exd4 6. Qxd4 Qxd4 7. Nxd4 c5
8. Ne2 Bd7 9. Be3 O-O-O 10. Nbc3 Re8 11. O-O-O b6 12. Rhe1 Ne7 13. f3 g6 14.
Nf4 Bg7 15. Ncd5 Bc6 16. Nxe7+ Rxe7 17. Nd5 Rd7 18. Bg5 Re8 19. Bh4 f5 20. c4
fxe4 21. Rxe4 Rxe4 22. fxe4 Rf7 23. Bg3 Bd4 24. b3 Bd7 25. Nxc7 Bg4 26. Ne8 Kd7
27. Nd6 Be3+ 28. Kb1 Bxd1 29. Nxf7 Be2 30. Ne5+ Ke6 31. Kc2 Bf1 32. Ng4 Bd4 33.
Bf4 Bxg2 34. Kd3 Bf1+ 35. Kd2 Bg2 36. Kd3 Bf1+ 37. Kd2 1/2-1/2

[Event "Cto Equipos Aragon 2013 Div. Honor II"]
[Site "Aragon"]
[Date "2013.02.09"]
[Round "3.32"]
[White "Garcia Andres, Daniel"]
[Black "Cid Royo, Oscar"]
[Result "0-1"]
[WhiteElo "2024"]
[BlackElo "2040"]
[PlyCount "66"]
[EventDate "2013.??.??"]
[EventType "tourn"]
[EventRounds "7"]
[EventCountry "ESP"]
[WhiteTeam "St. Casablanca B"]
[BlackTeam "Actur Rey Fernando"]

1. e4 c6 2. d4 d5 3. exd5 cxd5 4. c4 Nf6 5. Nc3 Nc6 6. Nf3 g6 7. Bg5 Be6 8.
Bxf6 exf6 9. Qb3 Bb4 10. a3 dxc4 11. Bxc4 Bxc4 12. Qxc4 Qe7+ 13. Kf1 Bxc3 14.
bxc3 O-O 15. g3 Rac8 16. Kg2 Na5 17. Qb4 Qc7 18. Rhc1 Nc4 19. Rab1 b6 20. Rd1
Qb7 21. d5 Rfd8 22. Rd4 Qa6 23. a4 Rc5 24. Re1 Kg7 25. Red1 Ne5 26. Qb3 Qb7 27.
Ng1 Qa6 28. d6 Qb7+ 29. Kf1 Qc6 30. f4 Rxc3 31. Qd5 Qxd5 32. Rxd5 Ng4 33. R5d3
{[%emt 0:00:27]} Ne3+ {[%emt 0:00:01]} 0-1

[Event "Cto Equipos Aragon 2013 Preferente I"]
[Site "Aragon"]
[Date "2013.02.09"]
[Round "3.33"]
[White "Malo Guillen, Jose Luis"]
[Black "Maza Broto, Pablo"]
[Result "1-0"]
[WhiteElo "2170"]
[BlackElo "2037"]
[PlyCount "47"]
[EventDate "2013.??.??"]
[EventType "tourn"]
[EventRounds "9"]
[EventCountry "ESP"]
[WhiteTeam "Las Fuentes"]
[BlackTeam "Jaime Casas B"]

1. c4 Nf6 2. d4 e6 3. g3 c5 4. Nf3 b6 5. Bg2 Bb7 6. O-O d6 7. Nc3 cxd4 8. Qxd4
Be7 9. Rd1 a6 10. b3 O-O 11. Ba3 Ne8 12. e4 Nc6 13. Qe3 Qc7 14. Rac1 Nf6 15.
Nd5 exd5 16. cxd5 Rad8 17. h3 Qd7 18. dxc6 Bxc6 19. Nd4 Ba8 20. Nf5 Rfe8 21.
Bxd6 Nxe4 22. Bxe7 Qxd1+ 23. Rxd1 Rxd1+ 24. Kh2 1-0

[Event "Cto Equipos Aragon 2013 Preferente I"]
[Site "Aragon"]
[Date "2013.02.09"]
[Round "3.34"]
[White "Buil Rello, Jose Antonio"]
[Black "Alonso Blasco, Jose Miguel"]
[Result "1/2-1/2"]
[WhiteElo "1982"]
[BlackElo "2116"]
[PlyCount "72"]
[EventDate "2013.??.??"]
[EventType "tourn"]
[EventRounds "9"]
[EventCountry "ESP"]
[WhiteTeam "Jaime Casas B"]
[BlackTeam "Las Fuentes"]

1. e4 c6 2. d3 d5 3. e5 d4 4. c3 c5 5. f4 Nc6 6. Nf3 Bf5 7. Na3 e6 8. Nc4 Qd7
9. Na3 dxc3 10. bxc3 O-O-O 11. Nc4 Bxd3 12. Bxd3 Qxd3 13. Nd6+ Rxd6 14. exd6
Qxd1+ 15. Kxd1 Bxd6 16. Kc2 h6 17. g3 Nge7 18. Bb2 Nf5 19. Rhe1 Be7 20. Rad1
Rd8 21. Rxd8+ Bxd8 22. a3 h5 23. Kd3 b5 24. c4 b4 25. Ne5 Nxe5+ 26. Rxe5 Be7
27. Kc2 Bd6 28. Re1 g6 29. Be5 Be7 30. Kb3 Kb7 31. Rd1 Kc6 32. axb4 cxb4 33.
Ra1 Kb6 34. Rd1 Kc6 35. Ra1 Kb6 36. Rd1 Kc6 1/2-1/2

[Event "Cto Equipos Aragon 2013 Preferente I"]
[Site "Aragon"]
[Date "2013.02.09"]
[Round "3.35"]
[White "Mombiela de Sus, Jose Luis"]
[Black "Salas Latorre, Jose"]
[Result "1-0"]
[WhiteElo "2030"]
[BlackElo "1797"]
[PlyCount "59"]
[EventDate "2013.??.??"]
[EventType "tourn"]
[EventRounds "9"]
[EventCountry "ESP"]
[WhiteTeam "Las Fuentes"]
[BlackTeam "Jaime Casas B"]

1. c4 e6 2. g3 d5 3. Bg2 Nf6 4. Nf3 c6 5. O-O Bd6 6. b3 O-O 7. Bb2 Nbd7 8. d3
Bc7 9. Nbd2 Re8 10. Rc1 b6 11. cxd5 cxd5 12. Nd4 Bb7 13. Nb5 Bb8 14. Qc2 Nc5
15. b4 Na6 16. a3 Qe7 17. e4 dxe4 18. dxe4 h6 19. e5 Nd5 20. Ne4 Rc8 21. Qe2
Rxc1 22. Rxc1 Nac7 23. Nbd6 Ne8 24. Nxb7 Qxb7 25. Qg4 Kh8 26. Qh5 Kg8 27. Rc4
Qe7 28. Nf6+ Nexf6 29. exf6 gxf6 30. Qxh6 1-0

[Event "Cto Equipos Aragon 2013 Preferente I"]
[Site "Aragon"]
[Date "2013.02.09"]
[Round "3.36"]
[White "Olivan Alvira, Alejandro"]
[Black "Javierre Conesa, Alfonso"]
[Result "1/2-1/2"]
[WhiteElo "1568"]
[BlackElo "2011"]
[PlyCount "86"]
[EventDate "2013.??.??"]
[EventType "tourn"]
[EventRounds "9"]
[EventCountry "ESP"]
[WhiteTeam "Jaime Casas B"]
[BlackTeam "Las Fuentes"]

1. d4 d5 2. Bf4 Nf6 3. Nf3 c6 4. e3 Bf5 5. Bd3 Bxd3 6. Qxd3 e6 7. O-O Be7 8. h3
Nbd7 9. Nbd2 O-O 10. Rfe1 c5 11. c3 cxd4 12. exd4 a6 13. a4 Rc8 14. Rac1 Nb6
15. Ra1 Bd6 16. Be5 Nc4 17. Nxc4 Rxc4 18. Nd2 Rc6 19. Qg3 Re8 20. Nf3 Bxe5 21.
Nxe5 Rb6 22. b4 Ne4 23. Qe3 Rd6 24. Nf3 Rc6 25. Ra3 Qc7 26. Rc1 Rc8 27. Ne5
Rxc3 28. Raxc3 Nxc3 29. Kh1 h6 30. g4 f6 31. Nf3 Kf7 32. h4 a5 33. b5 Qc4 34.
g5 hxg5 35. hxg5 Rh8+ 36. Kg2 Rc8 37. g6+ Ke7 38. Nd2 Qb4 39. Nb1 Nxa4 40. Rxc8
Qxb1 41. Rc7+ Kf8 42. Rc8+ Ke7 43. Rc7+ Kf8 1/2-1/2

[Event "Cto Equipos Aragon 2013 Preferente I"]
[Site "Aragon"]
[Date "2013.??.09"]
[Round "3.37"]
[White "Soriano Ascaso, Ignacio"]
[Black "Del Corral Abancens, Alfonso"]
[Result "1/2-1/2"]
[WhiteElo "2131"]
[BlackElo "1923"]
[PlyCount "69"]
[EventDate "2013.??.??"]
[EventType "tourn"]
[EventRounds "9"]
[EventCountry "ESP"]
[WhiteTeam "Sabiñanigo"]
[BlackTeam "Shatranj"]
[TimeControl "40/2400:40/2400:2400"]

{600MB, Fritz12.ctg, TOSHIBA} 1. b4 {[%emt 0:00:00]} e5 2. Bb2 Bxb4 3. Bxe5 Nf6
4. c4 Nc6 5. Bb2 O-O 6. Nf3 d5 7. cxd5 Nxd5 8. e3 Re8 9. Be2 Rxe3 10. fxe3 Nxe3
11. Qb3 Nxg2+ 12. Kd1 Be6 13. Qd3 Qe7 14. Rg1 Rd8 15. Nd4 Nxd4 16. Bxd4 Bd5 17.
Nc3 Bc6 18. Rxg2 Bxg2 19. a3 Ba5 20. Qc4 b6 21. Kc2 c5 22. Be3 Bh3 23. Bd3 Be6
24. Qf4 Qd7 25. Bb5 Bf5+ 26. Kb3 Be6+ 27. Ka4 Qc8 28. Rg1 Bxc3 29. dxc3 a6 30.
Rxg7+ Kxg7 31. Qh6+ Kg8 32. Qg5+ Kh8 33. Qf6+ Kg8 34. Qg5+ Kh8 35. Qf6+ 1/2-1/2

[Event "Cto Equipos Aragon 2013 Preferente I"]
[Site "Aragon"]
[Date "2013.02.09"]
[Round "3.38"]
[White "Munoz Bornao, Miguel Angel"]
[Black "Pardo Calvo, Carlos"]
[Result "1-0"]
[WhiteElo "1778"]
[BlackElo "1818"]
[PlyCount "95"]
[EventDate "2013.??.??"]
[EventType "tourn"]
[EventRounds "9"]
[EventCountry "ESP"]
[WhiteTeam "Shatranj"]
[BlackTeam "Sabiñanigo"]
[TimeControl "40/2400:40/2400:2400"]

{600MB, Fritz12.ctg, TOSHIBA} 1. e4 {[%emt 0:00:00]} c5 2. Nf3 d6 3. d4 cxd4 4.
Nxd4 Nf6 5. Nc3 a6 6. a4 e6 7. Be3 Be7 8. Bd3 O-O 9. O-O Bd7 10. f4 Nc6 11. h3
Rc8 12. Nf3 Nb4 13. e5 Nxd3 14. exf6 Bxf6 15. Qxd3 Qc7 16. Bd4 Bxd4+ 17. Qxd4
Bc6 18. Kh1 Rfe8 19. Rad1 e5 20. Qxd6 e4 21. Qxc7 Rxc7 22. Nd4 g6 23. Nxc6 Rxc6
24. Rd7 b5 25. axb5 axb5 26. Kg1 Rc4 27. Rfd1 Kg7 28. R7d4 f5 29. Rxc4 bxc4 30.
Kf2 Rb8 31. Na4 Rb4 32. Rd7+ Kh6 33. Ra7 Rb5 34. Rc7 Rb4 35. Ra7 Rb5 36. c3 Rd5
37. Rc7 Rd2+ 38. Kf1 Rd1+ 39. Ke2 Rh1 40. Kf2 Rc1 41. Rxc4 Kh5 42. Rd4 Rc2+ 43.
Kg3 Re2 44. b4 Ra2 45. b5 e3 46. b6 e2 47. Kf2 Kh4 48. b7 1-0

[Event "Cto Equipos Aragon 2013 Preferente I"]
[Site "Aragon"]
[Date "2013.02.09"]
[Round "3.39"]
[White "Garcia Estruch, Jorge"]
[Black "Ballonga Arruebo, Alejandro"]
[Result "1-0"]
[WhiteElo "1796"]
[BlackElo "1706"]
[PlyCount "53"]
[EventDate "2013.??.??"]
[EventType "tourn"]
[EventRounds "9"]
[EventCountry "ESP"]
[WhiteTeam "Sabiñanigo"]
[BlackTeam "Shatranj"]
[TimeControl "40/2400:40/2400:2400"]

{600MB, Fritz12.ctg, TOSHIBA} 1. e4 {[%emt 0:00:00]} e6 {[%emt 0:00:00]} 2. d4
{[%emt 0:00:00]} d5 {[%emt 0:00:06]} 3. exd5 {[%emt 0:00:00]} exd5 {[%emt 0:00:
00]} 4. c4 {[%emt 0:00:08]} Nc6 5. Be3 Bb4+ 6. Nc3 Nf6 7. a3 Bxc3+ 8. bxc3 Qe7
9. h3 Bf5 10. Nf3 O-O 11. Be2 Rad8 12. O-O Ne4 13. Qc1 Rfe8 14. cxd5 Ng3 15.
fxg3 Qxe3+ 16. Qxe3 Rxe3 17. Kf2 Rxc3 18. dxc6 Rxc6 19. Rac1 Be4 20. Rxc6 Bxc6
21. Rd1 Be4 22. Ne5 f6 23. Ng4 Re8 24. Ne3 Bc6 25. Bf3 Be4 26. Rc1 c6 27. d5
1-0

[Event "Cto Equipos Aragon 2013 Preferente I"]
[Site "Aragon"]
[Date "2013.02.09"]
[Round "3.42"]
[White "Iglesias Fernandez, Luis"]
[Black "Felez Casedas, Carlos"]
[Result "0-1"]
[WhiteElo "1862"]
[BlackElo "2012"]
[PlyCount "130"]
[EventDate "2013.??.??"]
[EventType "tourn"]
[EventRounds "9"]
[EventCountry "ESP"]
[WhiteTeam "Ramiro C"]
[BlackTeam "L`Aurora Estadilla B"]

1. d4 d5 2. Bf4 Nf6 3. e3 e6 4. Nd2 Bd6 5. Bg3 c5 6. c3 Nc6 7. Ngf3 Bxg3 8.
hxg3 Qb6 9. Qb3 Qxb3 10. axb3 cxd4 11. exd4 O-O 12. Ne5 Nd7 13. Nxd7 Bxd7 14.
Bd3 g6 15. f4 f6 16. Nf3 Rae8 17. O-O-O e5 18. dxe5 fxe5 19. Bb5 exf4 20. Ng5
Re7 21. Rxd5 h5 22. Rd6 Kg7 23. Rxd7 Rxd7 24. Ne6+ Kf7 25. Nxf8 Kxf8 26. gxf4
Rf7 27. g3 Ne7 28. Rd1 Nf5 29. Rd3 h4 30. g4 Nh6 31. f5 gxf5 32. g5 Ng4 33. Rh3
Rg7 34. Rxh4 Rxg5 35. Rh7 Rg7 36. Rxg7 Kxg7 37. Kd2 Kf6 38. Ke2 Ke5 39. Bd7 Nf6
40. Bc8 b6 41. Kf3 Ne4 42. b4 Nd2+ 43. Ke2 Nc4 44. b3 Nd6 45. Ba6 Ne4 46. Kd3
Nd6 47. c4 f4 48. c5 Ne8 49. Bc4 Nc7 50. Bf7 f3 51. Bc4 f2 52. Ke2 bxc5 53. b5
f1=Q+ 54. Kxf1 Kd4 55. Ke2 Kc3 56. Ke3 Kb4 57. Ke4 Nxb5 58. Kd5 Nd4 59. Ba6
Nxb3 60. Kc6 Nd4+ 61. Kb7 Nb5 62. Kc6 Nd4+ 63. Kb7 Ka5 64. Kxa7 Nb5+ 65. Kb7 c4
0-1

[Event "Cto Equipos Aragon 2013 Preferente I"]
[Site "Aragon"]
[Date "2013.02.09"]
[Round "3.43"]
[White "Puertolas Serena, Arturo"]
[Black "Gaston Cabello, Jorge Luis"]
[Result "1-0"]
[WhiteElo "1920"]
[BlackElo "1806"]
[PlyCount "67"]
[EventDate "2013.??.??"]
[EventType "tourn"]
[EventRounds "9"]
[EventCountry "ESP"]
[WhiteTeam "L`Aurora Estadilla B"]
[BlackTeam "Ramiro C"]

1. d4 Nf6 2. Nf3 e6 3. c4 b6 4. g3 Bb7 5. Bg2 Be7 6. O-O O-O 7. Nc3 d5 8. cxd5
Nxd5 9. Nxd5 Bxd5 10. Bf4 Nd7 11. Qc2 Rc8 12. e4 Ba8 13. Rad1 Bd6 14. Bg5 Be7
15. h4 h6 16. Bxe7 Qxe7 17. Rfe1 c5 18. d5 exd5 19. exd5 Qd6 20. Rd2 Nf6 21.
Red1 Rfe8 22. Qf5 Rc7 23. Nh2 Rce7 24. Nf1 Re5 25. Qf4 Nh5 26. Qa4 R5e7 27. Rd3
a5 28. Re3 Nf6 29. Rxe7 Rxe7 30. Ne3 Bb7 31. Nf5 b5 32. Nxe7+ Qxe7 33. Qxb5
Bxd5 34. Bxd5 1-0

[Event "Cto Equipos Aragon 2013 Preferente I"]
[Site "Aragon"]
[Date "2013.02.09"]
[Round "3.44"]
[White "Laborda Perez, Jose Antonio"]
[Black "Fuentes Espuna, Juan Antonio"]
[Result "0-1"]
[WhiteElo "1599"]
[BlackElo "1912"]
[PlyCount "80"]
[EventDate "2013.??.??"]
[EventType "tourn"]
[EventRounds "9"]
[EventCountry "ESP"]
[WhiteTeam "Ramiro C"]
[BlackTeam "L`Aurora Estadilla B"]

1. d4 c5 2. d5 d6 3. Nf3 Nf6 4. Bg5 Nbd7 5. e3 a6 6. Be2 g6 7. O-O Bg7 8. c3
O-O 9. Na3 b5 10. Rb1 Bb7 11. c4 bxc4 12. Bxc4 Nb6 13. Bxf6 Bxf6 14. b3 Qc8 15.
e4 Rb8 16. Bd3 Nd7 17. Nc4 Bg7 18. Qe2 Qc7 19. Rfc1 Rfc8 20. Rc2 a5 21. h4 Nf6
22. Ne3 Ba8 23. Rbc1 Rb4 24. Rc4 Qd7 25. Nd2 e6 26. Rxb4 axb4 27. Ndc4 Rb8 28.
dxe6 Qxe6 29. f3 Nh5 30. Ng4 Bd4+ 31. Nce3 d5 32. e5 Nf4 33. Qd2 h5 34. Nf6+
Kg7 35. Kf1 Bxe5 36. Nxh5+ Nxh5 37. Ng4 Bf4 38. Qb2+ d4 39. Re1 Qd6 40. Qe2
Ng3+ 0-1

[Event "Cto Equipos Aragon 2013 Preferente I"]
[Site "Aragon"]
[Date "2013.02.09"]
[Round "3.45"]
[White "Galve Guinea, Alejandro"]
[Black "Llanes Luno, Ricardo"]
[Result "1/2-1/2"]
[WhiteElo "2025"]
[BlackElo "2187"]
[PlyCount "74"]
[EventDate "2013.??.??"]
[EventType "tourn"]
[EventRounds "9"]
[EventCountry "ESP"]
[WhiteTeam "El Olivar C"]
[BlackTeam "CCOO Delicias"]

1. Nf3 Nf6 2. c4 g6 3. Nc3 Bg7 4. e4 d6 5. d4 O-O 6. Be2 e5 7. Be3 Ng4 8. Bg5
f6 9. Bh4 Nc6 10. d5 Ne7 11. Nd2 h5 12. O-O g5 13. Bg3 f5 14. h3 Nh6 15. exf5
h4 16. Bh2 Nexf5 17. Nde4 Nd4 18. Qd2 Rf4 19. Bxf4 gxf4 20. c5 Qe8 21. cxd6 Qg6
22. Kh2 Bf5 23. Bf3 cxd6 24. Qd1 Bf8 25. Nd2 Bd7 26. Be4 Qf6 27. Nf3 Ndf5 28.
Qb3 b6 29. Rac1 Nf7 30. Nb5 Ng5 31. Nxg5 Qxg5 32. Rc7 f3 33. Bxf3 Rd8 34. Rxa7
e4 35. Bg4 Bg7 36. Bxf5 Be5+ 37. g3 Qxf5 1/2-1/2

[Event "Cto Equipos Aragon 2013 Preferente I"]
[Site "Aragon"]
[Date "2013.02.09"]
[Round "3.46"]
[White "Roche Simon, Manuel Angel"]
[Black "Hernandez Delgado, Gabriel"]
[Result "1-0"]
[WhiteElo "2134"]
[BlackElo "1974"]
[PlyCount "65"]
[EventDate "2013.??.??"]
[EventType "tourn"]
[EventRounds "9"]
[EventCountry "ESP"]
[WhiteTeam "CCOO Delicias"]
[BlackTeam "El Olivar C"]

1. e4 d5 2. exd5 Nf6 3. d4 Nxd5 4. c4 Nb6 5. Be3 e5 6. Nf3 exd4 7. Qxd4 Bb4+ 8.
Nbd2 O-O 9. a3 Be7 10. Qc3 c5 11. O-O-O Bf5 12. Nb3 Qc8 13. Ne5 N8d7 14. Bf4
Bf6 15. Qg3 Nxe5 16. Bxe5 Bxe5 17. Qxe5 Be6 18. Nd2 Qc6 19. Bd3 Qa4 20. h4 Nxc4
21. Nxc4 Bxc4 22. Qe4 g6 23. Qxc4 Qc6 24. h5 Qf6 25. hxg6 hxg6 26. Qh4 Qg7 27.
f4 c4 28. Bc2 f5 29. g4 Rf6 30. gxf5 Rb6 31. Rd8+ Rxd8 32. Qxd8+ Qf8 33. Rh8+
1-0

[Event "Cto Equipos Aragon 2013 Preferente I"]
[Site "Aragon"]
[Date "2013.02.09"]
[Round "3.47"]
[White "De la Riva Fernandez, Eduardo"]
[Black "Naya Sancho, Jose Ignacio"]
[Result "0-1"]
[WhiteElo "1970"]
[BlackElo "2130"]
[PlyCount "128"]
[EventDate "2013.??.??"]
[EventType "tourn"]
[EventRounds "9"]
[EventCountry "ESP"]
[WhiteTeam "El Olivar C"]
[BlackTeam "CCOO Delicias"]

1. e4 c5 2. Nf3 e6 3. d4 cxd4 4. Nxd4 Nc6 5. c4 a6 6. Nc3 Bb4 7. Be3 Nf6 8. Bd3
Ne5 9. O-O Qc7 10. Rc1 Nxd3 11. Qxd3 Ng4 12. f4 Nxe3 13. Qxe3 Bc5 14. Kh1 d6
15. Qd3 O-O 16. f5 Bxd4 17. Qxd4 Qc5 18. Qxc5 dxc5 19. f6 Bd7 20. fxg7 Rfd8 21.
Rf2 Bc6 22. Rcf1 Rd7 23. h3 b5 24. e5 Rad8 25. Kh2 Rd2 26. g4 Kxg7 27. Kg3
R8d3+ 28. Kh4 Rxf2 29. Rxf2 b4 30. Nb1 Rd1 31. Nd2 Ra1 32. Nb3 Rxa2 33. Nxc5 a5
34. Nd3 Ra1 35. b3 Rb1 36. Nc5 Re1 37. Nd3 Re3 38. Rd2 h6 39. Nc1 Rxe5 40. Rd6
Be4 41. Ne2 Bg2 42. Nf4 Be4 43. Rd7 Bc2 44. c5 Kf8 45. c6 Ke8 46. Nh5 Rc5 47.
Nf6+ Kf8 48. c7 Bxb3 49. Rd8+ Kg7 50. Ne8+ Kg6 51. c8=Q Rxc8 52. Rxc8 a4 53.
Nd6 a3 54. Ne4 a2 55. Ra8 Bd5 56. Ra4 b3 57. Nc3 b2 58. Nxd5 exd5 59. Rxa2 b1=Q
60. Ra6+ f6 61. Ra3 Qe1+ 62. Rg3 d4 63. g5 fxg5+ 64. Kg4 Qe4# 0-1

[Event "Cto Equipos Aragon 2013 Preferente I"]
[Site "Aragon"]
[Date "2013.02.09"]
[Round "3.48"]
[White "Llanes Luno, Pedro Alfredo"]
[Black "Sarto Ramos, Angel"]
[Result "1-0"]
[WhiteElo "2102"]
[BlackElo "1957"]
[PlyCount "79"]
[EventDate "2013.??.??"]
[EventType "tourn"]
[EventRounds "9"]
[EventCountry "ESP"]
[WhiteTeam "CCOO Delicias"]
[BlackTeam "El Olivar C"]

1. e4 d6 2. d4 c5 3. Nf3 cxd4 4. Nxd4 Nc6 5. Nc3 Nf6 6. Be2 g6 7. Be3 Bg7 8.
Nb3 O-O 9. f4 a6 10. g4 Be6 11. f5 Bxb3 12. axb3 Nd7 13. h4 Be5 14. h5 e6 15.
hxg6 fxg6 16. Bc4 Bg3+ 17. Ke2 d5 18. Nxd5 Nde5 19. fxe6 Nxc4 20. bxc4 Ne5 21.
e7 Qd7 22. exf8=Q+ Rxf8 23. Kd2 Nxc4+ 24. Kc1 Qb5 25. Ne7+ Kg7 26. Bh6+ Kh8 27.
Nxg6+ Kg8 28. Qd5+ Qxd5 29. exd5 hxg6 30. Bxf8 Kxf8 31. Rh7 Bf4+ 32. Kb1 Nd6
33. Ra3 Be5 34. Re3 Bg7 35. Re6 Nc4 36. b3 Na3+ 37. Kc1 Kg8 38. Rxg7+ Kxg7 39.
d6 Kf7 40. d7 1-0

[Event "Cto Equipos Aragon 2013 Preferente I"]
[Site "Aragon"]
[Date "2013.02.09"]
[Round "3.49"]
[White "Juberias Segura, Santiago"]
[Black "Munoz Munoz, Juan Carlos"]
[Result "1-0"]
[WhiteElo "2045"]
[BlackElo "2092"]
[PlyCount "65"]
[EventDate "2013.??.??"]
[EventType "tourn"]
[EventRounds "9"]
[EventCountry "ESP"]
[WhiteTeam "St. Casablanca B"]
[BlackTeam "Helios B"]

1. c4 g6 2. g3 Bg7 3. Bg2 d6 4. Nc3 e5 5. e4 Ne7 6. Nge2 O-O 7. O-O f5 8. d3
Nbc6 9. Be3 Nd4 10. Qd2 fxe4 11. Bxd4 (11. Nxe4 Nf3+ 12. Bxf3 Rxf3 13. d4 Nf5)
11... exd4 (11... exd3 12. Qxd3 exd4 13. Nxd4) 12. Nxe4 Nf5 13. Qa5 Qe7 14. Nf4
c6 15. Rae1 Be5 16. Nh3 $2 (16. Nxd6 Qxd6 17. Qxe5 Qxe5 18. Rxe5 $16) 16... h6
17. Re2 Nh4 $2 18. f4 (18. gxh4 Bxh3 19. Bxh3 Qxh4 20. Be6+ Kh8 21. Ng3) 18...
Nxg2 19. Kxg2 Bxh3+ 20. Kxh3 g5 21. f5 Qd7 22. Kg2 Rxf5 23. Rxf5 Qxf5 24. Nxd6
Qxd3 25. Qxe5 Rf8 26. Qe6+ Kh8 27. Qxh6+ Kg8 28. Qxg5+ Kh8 29. Qh5+ Kg8 30.
Qg4+ Kh8 31. Qe4 Qd1 32. Re1 Qd2+ 33. Qe2 1-0

[Event "Cto Equipos Aragon 2013 Preferente I"]
[Site "Aragon"]
[Date "2013.02.09"]
[Round "3.50"]
[White "Flores Samperiz, Jorge"]
[Black "Alvarez Gonzalo, Miguel Angel"]
[Result "0-1"]
[WhiteElo "1994"]
[BlackElo "1973"]
[PlyCount "82"]
[EventDate "2013.??.??"]
[EventType "tourn"]
[EventRounds "9"]
[EventCountry "ESP"]
[WhiteTeam "Helios B"]
[BlackTeam "St. Casablanca C"]

1. d4 Nf6 2. c4 e6 3. Nc3 Bb4 4. Nf3 O-O 5. Bg5 h6 6. Bh4 d6 7. e3 Nbd7 8. a3
Bxc3+ 9. bxc3 b6 10. Bd3 Bb7 11. Qe2 e5 12. d5 Qe8 13. Bxf6 Nxf6 14. e4 Bc8 15.
h3 Nh5 16. g3 Nf6 17. g4 Nh7 18. Qe3 Qe7 19. Ke2 Ng5 20. Nd2 f6 21. Rag1 Rf7
22. h4 Nh7 23. Rg2 Bd7 24. f3 Nf8 25. g5 Ng6 26. Ke1 Nf4 27. Rg3 h5 28. Rhg1 g6
29. Nf1 Raf8 30. Be2 Kh7 31. gxf6 Rxf6 32. Qd2 Qf7 33. Ne3 Bc8 34. Nf1 Nxe2 35.
Qxe2 Rxf3 36. Rg5 Bg4 37. Nh2 Rf2 38. Nxg4 Rxe2+ 39. Kxe2 Qf3+ 40. Kd2 Qxe4 41.
Ne3 Rf2+ 0-1

[Event "Cto Equipos Aragon 2013 Preferente I"]
[Site "Aragon"]
[Date "2013.02.09"]
[Round "3.51"]
[White "Calvo Mayayo, Jose Maria"]
[Black "Flores, Francisco"]
[Result "1/2-1/2"]
[WhiteElo "1929"]
[BlackElo "1850"]
[PlyCount "69"]
[EventDate "2013.??.??"]
[EventType "tourn"]
[EventRounds "9"]
[EventCountry "ESP"]
[WhiteTeam "St. Casablanca C"]
[BlackTeam "Helios B"]

1. c4 Nf6 2. g3 c5 3. Bg2 e6 4. e4 Nc6 5. Nc3 Be7 6. Nge2 O-O 7. O-O d6 8. d3
a6 9. f4 Rb8 10. h3 e5 11. Kh2 b5 12. b3 Re8 13. fxe5 dxe5 14. Nd5 Nxd5 15.
cxd5 Nd4 16. Nxd4 cxd4 17. Bd2 Bd7 18. b4 Rf8 19. Rc1 f5 20. Qe2 Bd6 21. a3 Qe7
22. exf5 Rxf5 23. Be4 Rxf1 24. Rxf1 Rf8 25. Rxf8+ Qxf8 26. Kg2 g6 27. h4 Qc8
28. Bh6 Bg4 29. Qa2 Bf5 30. Bxf5 Qxf5 31. Qe2 Qh5 32. Qxh5 gxh5 33. Kf3 Kf7 34.
Ke4 Kg6 35. Bg5 1/2-1/2

[Event "Cto Equipos Aragon 2013 Preferente I"]
[Site "Aragon"]
[Date "2013.02.09"]
[Round "3.52"]
[White "Moreno Antonio, Mario"]
[Black "Solanas Godes, Beatriz"]
[Result "1-0"]
[WhiteElo "1795"]
[BlackElo "1870"]
[PlyCount "95"]
[EventDate "2013.??.??"]
[EventType "tourn"]
[EventRounds "9"]
[EventCountry "ESP"]
[WhiteTeam "Helios B"]
[BlackTeam "St. Casablanca C"]

1. d4 d5 2. Nf3 Nc6 3. Bf4 Nf6 4. e3 a6 5. Nbd2 Bf5 6. c4 e6 7. a3 Bd6 8. Bxd6
Qxd6 9. Be2 O-O 10. O-O Rfe8 11. Rc1 Ne4 12. Nxe4 Bxe4 13. Bd3 Bxd3 14. Qxd3
dxc4 15. Qxc4 Rac8 16. Rfd1 Ne7 17. Qb3 Qd5 18. Qb4 a5 19. Qd2 b6 20. Qe2 Red8
21. Ne5 f6 22. Nf3 c6 23. Rd2 Qb5 24. Qd1 Rd7 25. Rc3 a4 26. Qc2 c5 27. Rc4 Qb3
28. Qxb3 axb3 29. dxc5 Rxd2 30. Nxd2 Rd8 31. Rd4 Rxd4 32. exd4 bxc5 33. dxc5
Nc6 34. Nxb3 Kf7 35. Kf1 e5 36. Ke2 Ke6 37. Nd2 Kd5 38. b4 Nd4+ 39. Kd3 Kc6 40.
Kc4 Nb5 41. a4 Nc7 42. b5+ Kb7 43. a5 Ne6 44. Ne4 Nd4 45. Nd6+ Ka7 46. c6 Kb8
47. Kc5 Ne6+ 48. Kb6 1-0